Reform of the stability and growth pact its implementation in the Czech and the Slovak Republic

Podstatné zmeny, ktoré priniesla reforma v preventívnej a nápravnej časti Paktu stability a rastu, so zameraním sa na základné pravidlá zhody, týkajúcie sa dodržiavania kritérií vládneho deficitu a verejného dlhu v Českej republike a na Slovensku.

Guardado en:
Detalles Bibliográficos
Autor principal: Lipková, Beata
Formato: Capítulo de libro
Lenguaje:inglés
Materias:
Etiquetas: Agregar Etiqueta
Sin Etiquetas, Sea el primero en etiquetar este registro!

MARC

LEADER 00000nla a2200000 4500
001 0197285
005 20240502073332.6
041 0 |a eng 
044 |a SK 
245 1 0 |a Reform of the stability and growth pact its implementation in the Czech and the Slovak Republic  |c Beata Lipková 
520 |a Podstatné zmeny, ktoré priniesla reforma v preventívnej a nápravnej časti Paktu stability a rastu, so zameraním sa na základné pravidlá zhody, týkajúcie sa dodržiavania kritérií vládneho deficitu a verejného dlhu v Českej republike a na Slovensku. 
610 2 0 |a dlhy verejné 
610 2 0 |a deficit rozpočtový 
610 2 0 |a politika finančná 
610 2 0 |a nástroje finančné 
610 2 0 |a politika rozpočtová 
610 2 0 |a regulácia finančná 
610 2 0 |a rozpočet štátny 
100 1 |a Lipková, Beata